000 00775nam a2200229Ia 4500
003 GCL
008 140319s9999 xx 000 0 ara d
040 _aGCL /
_cGCL
082 0 4 _aق
_b962.32
_bه ق
100 1 _aهيئة الاثار المصرية
245 1 0 _aالقاهرة الاسلامية : المشهد الحسينى /
_cهيئة الاثار المصرية
260 _a[S.N] :
_bهيئة الاثار المصرية ،
_c1985
490 _a
650 0 4 _aتاريخ
650 0 4 _aالعصر المملوكى
650 0 4 _aالاثار الاسلامية
650 0 4 _aالمساجد
650 0 4 _aاضرحة الائمة والاولياء
650 0 4 _aالقاهرة
650 0 4 _aالمشهد الحسينى بالقاهرة
942 _2ddc
_cBK
999 _c52416
_d52416